[Event "NZD-ch"]
[Site "Auckland"]
[Date "1997.??.??"]
[Round "4"]
[White "Green, Peter"]
[Black "Guthrie, David"]
[Result "1/2-1/2"]
[WhiteElo "2265"]
[BlackElo "2100"]

1.d4 Nf6 2.Nf3 g6 3.c4 Bg7 4.Nc3 O-O 5.e4 d6 6.Be2 e5 7.dxe5 dxe5 8.Qxd8 Rxd8
9.Bg5 Rf8 10.O-O-O Nbd7 11.h3 c6 12.Bd3 Re8 13.Bc2 Nc5 14.Be3 Ne6 15.Nxe5 Nxe4
16.Nxe4 Bxe5 17.Nd6 Rd8 18.Nxc8 Raxc8 19.Rxd8+ Rxd8 20.Rd1 Rxd1+ 21.Bxd1 Nf4  1/2-1/2

[Event "AUT-chT2W 9798"]
[Site "Austria"]
[Date "1997.??.??"]
[Round "2"]
[White "Bernardi, Markus"]
[Black "Kupfner, Franz"]
[Result "1/2-1/2"]
[WhiteElo "2020"]
[BlackElo "2125"]

1.c4 Nf6 2.Nc3 g6 3.Nf3 Bg7 4.e4 d6 5.d4 O-O 6.Be2 e5 7.d5 Nbd7 8.Bg5 h6
9.Bh4 g5 10.Bg3 Nh5 11.Nd2 Nf4 12.O-O f5 13.exf5 Nf6 14.f3 Bxf5  1/2-1/2

[Event "AUT-chT2W 9798"]
[Site "Austria"]
[Date "1997.??.??"]
[Round "4"]
[White "Bezler, Rainer"]
[Black "Netolitzky, Gregor"]
[Result "1/2-1/2"]
[WhiteElo "2245"]
[BlackElo "2225"]

1.d4 Nf6 2.c4 g6 3.Nc3 Bg7 4.e4 d6 5.Nf3 O-O 6.Be2 e5 7.O-O Nbd7 8.d5 Nc5
9.Qc2 a5 10.Bg5 h6 11.Bh4 Bd7 12.Nd2 Qe8 13.b3 Nh7 14.f3 f5 15.a3 Bf6 16.Bf2 Bg5
17.b4 axb4 18.axb4 Na6 19.c5 Nxb4 20.Qb2 Bxd2 21.Qxd2 Rf6 22.cxd6 cxd6 23.Qb2 Na6
24.Qxb7 Rc8 25.Bb5 Rc7 26.Qb6 Rxc3 27.Bxd7 Qxd7 28.Rxa6 Rc7 29.Rfa1 fxe4
30.Ra7 Rf7 31.Ra8+ Kg7 32.fxe4 Qe7 33.Qb8 Nf8 34.Qb2 Qf6 35.h3 Qf4 36.Qe2 Nh7
37.Be3 Qf6 38.R8a6 Qe7 39.Rc6 Rb7 40.Qg4 Nf6 41.Qe2 g5 42.Bb6 Nd7 43.Bc7 Rf6
44.Rf1 Rg6 45.Qf3 Nb8 46.Ba5 Nd7 47.Bd8 Qe8 48.Bc7 Nb8 49.Bxb8 Qxb8 50.Qf5 Qa7+
51.Kh2 Rf7 52.Ra6 Qe7 53.Qxf7+ Qxf7 54.Rxf7+ Kxf7 55.Ra7+ Kg8 56.Ra8+  1/2-1/2

[Event "AUT-chT2W 9798"]
[Site "Austria"]
[Date "1997.??.??"]
[Round "4"]
[White "Eiler, Gebhard"]
[Black "Hicker, Harald"]
[Result "1/2-1/2"]
[WhiteElo "2075"]
[BlackElo "2105"]

1.Nf3 Nf6 2.d4 g6 3.c4 Bg7 4.Nc3 d6 5.e4 O-O 6.Be2 e5 7.d5 Na6 8.O-O Nc5
9.Qc2 a5 10.Ne1 Ne8 11.Nd3 b6 12.Be3 f5 13.Nxc5 bxc5 14.exf5 gxf5 15.f4 e4
16.Rad1 Qh4 17.g3 Qh3 18.Rf2 Nf6 19.Nb5 Rf7 20.Bd2 Ba6 21.Bc3 Bxb5 22.cxb5 Ng4
23.Bxg4 Qxg4 24.a4 Bxc3 25.bxc3 Re7  1/2-1/2

[Event "AUT-chT2W 9697"]
[Site "Austria"]
[Date "1997.??.??"]
[Round "7"]
[White "Kupfner, Franz"]
[Black "Pierecker, Markus"]
[Result "1/2-1/2"]
[WhiteElo "2100"]
[BlackElo "2250"]

1.d4 Nf6 2.Nf3 g6 3.c4 Bg7 4.Nc3 O-O 5.e4 d6 6.Be2 Nbd7 7.O-O e5 8.dxe5 dxe5
9.Be3 c6 10.Nd2 Qe7 11.Qc2 Nc5 12.Nb3 Nfd7 13.Rfd1 Re8 14.Rd2 Nxb3 15.axb3 Nc5
16.Na4 Nxa4 17.Rxa4 c5 18.Rd1 b6 19.Raa1 Bb7 20.f3 Bf6 21.Rd3 Bg5 22.Bxg5 Qxg5
23.Qd2 Qxd2 24.Rxd2 Bc6 25.Rd6 Rec8 26.Rad1 Kf8 27.Kf2 Ke7 28.Ke3 Be8 29.g3 Rd8
30.R6d5 f6 31.f4 Bc6 32.Rxd8 Rxd8 33.Rxd8 Kxd8 34.h4 Bd7 35.g4 h6 36.fxe5 fxe5
37.g5 hxg5 38.hxg5 Kc7 39.Kd2 Bh3 40.Bf3 Kb7 41.Kc3 Be6 42.b4 cxb4+ 43.Kxb4 Kc6
44.Kc3 Bh3 45.b4 a6 46.Bd1 Bd7 47.Bb3 a5 48.Ba4+ Kc7 49.Bxd7 Kxd7 50.c5 a4
51.cxb6 Kc6 52.b5+ Kxb6 53.Kb4 a3 54.Kxa3 Kxb5 55.Kb3  1/2-1/2

[Event "AUT-chT2S 9697"]
[Site "Austria"]
[Date "1997.??.??"]
[Round "9"]
[White "Hafner, Robert"]
[Black "Scheck, Rudolf"]
[Result "1/2-1/2"]
[WhiteElo "2185"]
[BlackElo "2070"]

1.d4 Nf6 2.c4 g6 3.Nc3 Bg7 4.e4 d6 5.Nf3 O-O 6.Be2 e5 7.O-O Nbd7 8.Be3 exd4
9.Nxd4 Re8 10.f3 c6 11.Qd2 d5 12.cxd5 cxd5 13.exd5 Nb6 14.Bf2 Nbxd5 15.Nxd5 Qxd5
16.Rfd1 Bd7 17.Bf1 Red8 18.Qe1 Re8 19.Qd2 Red8 20.Qe1 Re8  1/2-1/2

[Event "AUT-chT2O 9697"]
[Site "Austria"]
[Date "1997.??.??"]
[Round "9"]
[White "Banas, Jan"]
[Black "Uhlmann, Wolfgang"]
[Result "1/2-1/2"]
[WhiteElo "2370"]
[BlackElo "2460"]

1.c4 Nf6 2.Nc3 g6 3.e4 d6 4.d4 Bg7 5.Be2 O-O 6.Nf3 e5 7.d5 a5 8.Bg5 h6 9.Bh4 Qe8
10.Nd2 Nh7 11.a3 f5 12.f3 a4 13.Bf2 b6 14.O-O Bd7 15.Nb5 Bxb5 16.cxb5 Nd7
17.Bd3 Nc5 18.Qc2 Nf6 19.Bxc5 bxc5 20.exf5 gxf5 21.Bxf5 Qxb5 22.Nc4  1/2-1/2

[Event "AUT-chT2W 9697"]
[Site "Austria"]
[Date "1997.??.??"]
[Round "10"]
[White "Kranz, Armin"]
[Black "Hoellrigl, Wilfried"]
[Result "0-1"]
[WhiteElo "2125"]
[BlackElo "2235"]

1.d4 Nf6 2.Nf3 g6 3.c4 Bg7 4.Nc3 O-O 5.e4 d6 6.Be2 e5 7.d5 a5 8.Bg5 h6 9.Bh4 g5
10.Bg3 Nh5 11.h4 Nf4 12.hxg5 hxg5 13.Qc2 f5 14.exf5 Bxf5 15.Ne4 Na6 16.Rh2 c6
17.Nfd2 cxd5 18.cxd5 Nc5 19.Bc4 a4 20.f3 Rc8 21.Qb1 Qa5 22.b4 axb3 23.axb3 Qb4
24.Kf1 b5 25.Be2 Nxd5 26.Bf2 Nc3 27.Bxc5 Rxc5 28.Qe1 Bxe4 29.Nxe4 Qxe4 30.Bc4+ bxc4
31.Qxc3 cxb3 32.Qxb3+ Qc4+ 33.Qxc4+ Rxc4 34.Ra7 e4 35.Rh5 Rc5 36.Rd7 g4 37.Rh4  0-1

[Event "AUT-chT9697"]
[Site "Austria"]
[Date "1997.??.??"]
[Round "10"]
[White "Freitag, Manfred"]
[Black "Staudner, Oliver"]
[Result "1-0"]
[WhiteElo "2285"]
[BlackElo "2325"]

1.d4 Nf6 2.Nf3 g6 3.c4 Bg7 4.Nc3 O-O 5.e4 d6 6.Be2 e5 7.O-O Na6 8.Re1 Qe8
9.Bg5 h6 10.Be3 Ng4 11.Bc1 f5 12.exf5 gxf5 13.h3 Nf6 14.c5 e4 15.cxd6 cxd6
16.Bf4 Qd8 17.Nh4 Kh7 18.g3 d5 19.Rc1 Be6 20.Nb5 Qb6 21.Qd2 Bd7 22.a4 Qe6
23.Nd6 Ne8 24.Nxb7 Qb6 25.Nc5 Nxc5 26.a5 Qf6 27.Rxc5 Qxd4 28.Qxd4 Bxd4 29.Rxd5  1-0

[Event "AUT-chT2O 9697"]
[Site "Austria"]
[Date "1997.??.??"]
[Round "10"]
[White "Polak, Tomas"]
[Black "Uhlmann, Wolfgang"]
[Result "0-1"]
[WhiteElo "2440"]
[BlackElo "2460"]

1.d4 Nf6 2.c4 g6 3.Nc3 Bg7 4.e4 d6 5.Be2 O-O 6.Nf3 e5 7.d5 Na6 8.Nd2 h5 9.Rb1 c5
10.O-O Bd7 11.a3 Bh6 12.b4 Qe7 13.Nf3 Bxc1 14.Qxc1 Bg4 15.Nd2 Bxe2 16.Nxe2 Nd7
17.Rb3 Nc7 18.Nf3 Kg7 19.b5 h4 20.g3 hxg3 21.hxg3 Rh8 22.Kg2 Rh6 23.Rh1 Rxh1
24.Qxh1 Rh8 25.Qe1 Nb6 26.Rc3 Qd7 27.Neg1 Ne8 28.Qe2 Qg4 29.Nh2 Qg5 30.Nhf3 Qh6
31.Nh4 Nf6 32.Kf1 Nc8 33.Ke1 Ne7 34.Qf3 g5 35.Nf5+ Nxf5 36.Qxf5 Qg6 37.Qxg6+ Kxg6
38.Re3 g4 39.Kf1 Rh2 40.Ne2 Nh7 41.Kg1 Rh6 42.Kg2 Ng5 43.Ng1 f5 44.exf5+ Kxf5
45.f3 b6 46.fxg4+ Kxg4 47.a4 e4 48.Ra3 Rh7 49.Re3 Kf5 50.Re1 Ke5 51.Rd1 Rf7
52.Ne2 Rf3 53.g4 e3 54.Rf1 Rxf1 55.Kxf1 Ke4 56.Ng3+ Kd3 57.Ke1 Nf3+ 58.Kd1 Nd4
59.g5 e2+ 60.Nxe2 Nxe2 61.g6 Nc3+  0-1

[Event "AUT-chT9697"]
[Site "Austria"]
[Date "1997.??.??"]
[Round "11"]
[White "Titz, Heimo"]
[Black "Kranzl, Peter"]
[Result "1/2-1/2"]
[WhiteElo "2325"]
[BlackElo "2215"]

1.c4 Nf6 2.Nc3 g6 3.e4 d6 4.d4 Bg7 5.Nf3 O-O 6.Be2 e5 7.Be3 exd4 8.Nxd4 Re8
9.f3 Nc6 10.O-O Nh5 11.Qd2 Nxd4 12.Bxd4 Nf4 13.Rfd1 Bxd4+ 14.Qxd4 Qg5 15.Bf1 Bd7
16.Kh1 Bc6 17.b4 b6 18.g3 Ne6 19.Qf2 a5 20.f4 Qf6 21.Nd5 Bxd5 22.cxd5 Ng5
23.e5 dxe5 24.Qb2 Ne4 25.bxa5 Rxa5 26.Bb5 Rd8 27.fxe5 Nf2+ 28.Kg2 Nxd1 29.Rxd1 Rxb5
30.Qxb5 Qxe5 31.Qc4 Qb2+ 32.Kh3 Qe5 33.Rd2 h5 34.Kg2 Qg5 35.Rd4 Qe5 36.Rd2 Re8
37.Rc2 Re7 38.Rd2 Qe3 39.Rc2 Qe5 40.Rd2 Kh7 41.Qf4 Qxf4 42.gxf4 Re4 43.Kf3 Rc4
44.h4 Rc3+ 45.Kg2 Ra3 46.Rc2 Kg7 47.Rxc7 Rxa2+ 48.Kf3 Rh2 49.Rb7 Rxh4 50.Rxb6 Rh1
51.Ke4 Re1+ 52.Kd4 h4 53.Rb3 Rd1+ 54.Ke5 f6+ 55.Ke6 Re1+ 56.Kd7 g5 57.Rh3 Kg6
58.d6 Ra1 59.Ke7 Kf5 60.fxg5 fxg5 61.d7 Re1+ 62.Kf7 Rd1 63.Ke7 Kg4 64.Rh1 Rd3
65.Rg1+ Kf4 66.Rf1+ Kg3 67.Rg1+ Kf4 68.Rf1+  1/2-1/2

[Event "Wch Seniors"]
[Site "Bad Wildbad"]
[Date "1997.??.??"]
[Round "7"]
[White "Reimold, Horst"]
[Black "Giering, Helmut"]
[Result "1/2-1/2"]
[WhiteElo "1592"]
[BlackElo "1769"]

1.d4 Nf6 2.c4 g6 3.Nf3 Bg7 4.Nc3 O-O 5.e4 d6 6.Be2 e5 7.d5 Nbd7 8.O-O Nc5
9.Qc2 Ne8 10.b4 Na6 11.Rb1 f5 12.Bd3 fxe4 13.Bxe4 Nf6 14.Bg5 Qe8 15.Rb3 Bd7
16.Nd2 Rc8 17.Rc1 b6 18.a3 Nb8 19.b5 Nxe4 20.Ndxe4 Bf5 21.Qd2 Nd7 22.Be3 Nf6
23.Ng3 Ng4 24.Nd1 Nxe3 25.fxe3 e4 26.Nf2 Qe5 27.Qe2 Rf7 28.Ng4 Qe7 29.Rcb1 Rcf8  1/2-1/2

[Event "AZE-ch"]
[Site "Baku"]
[Date "1997.??.??"]
[Round "?"]
[White "Mirzoev, Azer"]
[Black "Gadjilu, Rauf"]
[Result "0-1"]
[WhiteElo "2430"]
[BlackElo "2290"]

1.d4 Nf6 2.c4 g6 3.Nc3 Bg7 4.e4 d6 5.Nf3 O-O 6.Be2 e5 7.Be3 Nc6 8.d5 Ne7
9.Nd2 c5 10.Rb1 Ne8 11.O-O f5 12.f3 f4 13.Bf2 h5 14.b4 b6 15.bxc5 bxc5 16.Qa4 g5
17.Nb3 a5 18.Nd2 Ng6 19.Rb2 g4 20.Rfb1 g3 21.Be1 gxh2+ 22.Kh1 Bf6 23.Nf1 Bh4
24.Qd1 Ra7 25.Bxh4 Nxh4 26.Nxh2 Rg7 27.Bf1 Kh8 28.Ne2 Rfg8 29.Ng1 Rg3 30.Rd2 Qg5
31.Rbb2 Bh3 32.Nxh3 Rxh3 33.Bd3 Rg3 34.Bf1 Nf6 35.Rf2 a4 36.a3 Nxf3 37.Nxf3 Qg6
38.Rbe2 Nxe4 39.Rxe4 Qxe4 40.Qxa4 Qg6 41.Qd7 e4 42.Ne1 e3 43.Rb2 f3 44.Qe6 Qg5  0-1

[Event "AZE-ch"]
[Site "Baku"]
[Date "1997.??.??"]
[Round "?"]
[White "Bagirov, Rufat"]
[Black "Gadjilu, Rauf"]
[Result "1/2-1/2"]
[WhiteElo "2320"]
[BlackElo "2290"]

1.d4 Nf6 2.c4 g6 3.Nc3 Bg7 4.e4 d6 5.Be2 O-O 6.Nf3 e5 7.O-O Nh5 8.Be3 Nf4
9.dxe5 Nxe2+ 10.Qxe2 dxe5 11.Rfd1 Nd7 12.c5 c6 13.Rd6 Re8 14.Rad1 Qc7 15.Qd2 Nf8
16.h3 Ne6 17.b4 Nf8 18.b5 Ne6 19.a4 f6 20.Qa2 Bf8 21.R6d3 Qf7 22.Qa3 b6 23.bxc6 Nxc5
24.Bxc5 Bxc5 25.Qb2 Re6 26.Rd8+ Kg7 27.Nd5 Rxc6 28.h4 Re6 29.g4 Bb7 30.Rxa8 Bxa8
31.g5 Bxd5 32.exd5 Rd6 33.gxf6+ Qxf6 34.Qxe5 Qxe5 35.Nxe5 Kf6 36.Nc4 Rd7
37.Kg2 a6 38.f4  1/2-1/2

[Event "Barbera op"]
[Site "Barbera"]
[Date "1997.??.??"]
[Round "1"]
[White "Diaz Perez, Jose David"]
[Black "Marcet Bisbale, Antonio"]
[Result "0-1"]
[WhiteElo "2265"]
[BlackElo "2340"]

1.d4 Nf6 2.c4 g6 3.Nc3 Bg7 4.e4 d6 5.Nf3 O-O 6.Be2 Na6 7.O-O e5 8.Bg5 Qe8
9.d5 h6 10.Bd2 Nc5 11.Qc2 a5 12.Ne1 Qe7 13.b3 Nh7 14.Nd3 Nxd3 15.Qxd3 f5
16.f3 f4 17.Nb5 Rf6 18.a3 h5 19.b4 g5 20.Be1 Rg6 21.h3 axb4 22.Bf2 b3 23.Qxb3 g4
24.fxg4 hxg4 25.hxg4 Nf6 26.Bh4 Qf7 27.g5 Nxe4 28.Bh5 Bf5 29.Bxg6 Bxg6 30.Ra2 c6
31.Nc3 Nc5 32.Qd1 Bd3 33.Ne2 Bxc4 34.Ra1 cxd5  0-1

[Event "Barbera-B"]
[Site "Barbera"]
[Date "1997.??.??"]
[Round "7"]
[White "Pascual Arevalo, Ruben"]
[Black "Ferrer, Martin"]
[Result "1-0"]
[WhiteElo "2320"]
[BlackElo "2280"]

1.c4 Nf6 2.d4 g6 3.Nc3 Bg7 4.e4 d6 5.Nf3 O-O 6.Be2 e5 7.d5 Nh5 8.Be3 f5 9.exf5 Bxf5
10.g3 Nf6 11.Nd2 Qc8 12.f3 Na6 13.g4 Bd7 14.Nde4 Nxe4 15.Nxe4 b6 16.Qd2 Nc5
17.h3 Qa6 18.O-O Rae8 19.b4 Nxe4 20.fxe4 Qc8 21.c5 Qd8 22.cxd6 cxd6 23.Bg5 Bf6
24.Be3 Bg7 25.Kg2 Rxf1 26.Rxf1 Rf8 27.Rc1 h5 28.Qe1 hxg4 29.Bxg4 Bf6 30.Bxd7 Qxd7
31.Qg3 Kg7 32.Rc6 Rh8 33.Qg4 Rd8 34.a4 Qxg4+ 35.hxg4 Rd7 36.a5 bxa5 37.bxa5 Bd8
38.Ra6 Kf6 39.Bxa7 Ke7 40.Be3  1-0

[Event "Regionalliga NW9798"]
[Site "Bayern"]
[Date "1997.??.??"]
[Round "?"]
[White "Riedl, Helmut"]
[Black "Kudlich, Harald"]
[Result "1-0"]
[WhiteElo "2060"]
[BlackElo "1970"]

1.d4 Nf6 2.Nf3 g6 3.c4 Bg7 4.Nc3 d6 5.e4 O-O 6.Be2 e5 7.d5 a5 8.O-O Nbd7
9.Qc2 Nc5 10.Bg5 h6 11.Be3 b6 12.Nd2 Ng4 13.Bxg4 Bxg4 14.a3 f5 15.f3 Bh5
16.exf5 gxf5 17.b4 Nd7 18.f4 exf4 19.Bxf4 Qf6 20.Rac1 axb4 21.axb4 Ne5 22.Nb5 Rf7
23.Nb3 Ng6 24.N3d4 Nxf4 25.Rxf4 Qe5 26.Qf2 Ra2 27.Qg3 Bg6 28.Re1 Qf6 29.h4 h5
30.Re6 Kh7 31.Rxf6 Bxf6 32.Qb3 Ra1+ 33.Rf1 Rxf1+ 34.Kxf1 Bxh4 35.g3 Bf6 36.Ne6  1-0

[Event "Regionalliga SW9798"]
[Site "Bayern"]
[Date "1997.??.??"]
[Round "?"]
[White "Uhlmann, Helge"]
[Black "Glaser, Wolfgang"]
[Result "1-0"]
[WhiteElo "2110"]
[BlackElo "2080"]

1.d4 Nf6 2.c4 g6 3.Nc3 Bg7 4.e4 d6 5.Nf3 O-O 6.Be2 e5 7.d5 a5 8.Bg5 h6 9.Bh4 Na6
10.Nd2 Qe8 11.O-O Bd7 12.Rb1 Nh7 13.f3 f5 14.b3 g5 15.Bf2 f4 16.g4 fxg3 17.hxg3 g4
18.fxg4 Qg6 19.Nf3 Bf6 20.Be1 Rf7 21.Nh2 Raf8 22.Kg2 b6 23.Bd2 Bg5 24.Rf5 Bxd2
25.Qxd2 Bxf5 26.gxf5 Qg5 27.Qxg5+ hxg5 28.Bh5 Rd7 29.Bg6 Nf6 30.g4 Nc5 31.Nf3 Ncxe4
32.Nxe4 Nxe4 33.Re1 Nc5 34.Nxg5 Nd3 35.Re4 Nf4+ 36.Rxf4 exf4 37.Ne6 Rb8 38.g5 b5
39.f6 bxc4 40.bxc4 Rb2+ 41.Kf3 Rxa2 42.Bh5 Rf7 43.Nd8 Rf8 44.f7+ Kh8 45.Ne6 Rb8
46.g6  1-0

[Event "Regionalliga SW9697"]
[Site "Bayern"]
[Date "1997.??.??"]
[Round "?"]
[White "Mueller, Marcus"]
[Black "Wolfsteiner, Helmut"]
[Result "0-1"]
[WhiteElo "2095"]
[BlackElo "2135"]

1.Nf3 Nf6 2.c4 g6 3.Nc3 Bg7 4.e4 d6 5.d4 O-O 6.Be2 e5 7.d5 a5 8.Bg5 h6 9.Bh4 Na6
10.O-O Qe8 11.Nd2 Bd7 12.Bxf6 Bxf6 13.Bg4 Be7 14.Bxd7 Qxd7 15.a3 c6 16.Qb1 Nc7
17.b4 cxd5 18.cxd5 axb4 19.axb4 Nb5 20.Qd3 Nxc3 21.Qxc3 Rac8 22.Qd3 Qc7 23.Qb5 Bg5
24.Nf3 Qc4 25.Qxb7 Qxe4 26.b5 Qc4 27.h4 Bf6 28.Rac1 Qxc1 29.Rxc1 Rxc1+ 30.Kh2 e4
31.Ng1 Be5+ 32.g3 Rc2 33.Qa7 Rb2 34.Qe3 Rc8 35.b6 Rc3 36.Qxe4 Rxf2+ 37.Kh1 Rb2
38.Ne2 Ra3 39.h5 g5 40.Kg2 Rxg3+ 41.Kf2 Ra3 42.Kg1 Rxb6 43.Nc1 Rb2 44.Ne2 Raa2  0-1

[Event "Landesliga Nord9798"]
[Site "Bayern"]
[Date "1997.??.??"]
[Round "?"]
[White "Bachmann, Claus"]
[Black "Kirbach, Thomas"]
[Result "1-0"]
[WhiteElo "1845"]
[BlackElo "1990"]

1.d4 Nf6 2.c4 g6 3.Nc3 Bg7 4.Nf3 O-O 5.e4 d6 6.Be2 e5 7.d5 a5 8.O-O Nbd7
9.Ne1 Nc5 10.f3 Nh5 11.Nd3 Nxd3 12.Bxd3 Nf4 13.Ne2 Nxd3 14.Qxd3 f5 15.Be3 f4
16.Bf2 b6 17.Nc3 Rf7 18.Rfb1 g5 19.b4 Bf8 20.bxa5 Rxa5 21.Rb5 Ra8 22.a4 Rg7
23.Rb2 h5 24.Rba2 g4 25.fxg4 hxg4 26.a5 Rxa5 27.Rxa5 bxa5 28.Rxa5 Qg5 29.g3 fxg3
30.Bxg3 Qc1+ 31.Kg2 Rf7 32.Nd1 Rf3 33.Qe2 Bd7 34.Ra7 Qg5 35.Rxc7 Be8 36.Nf2 Bg6
37.Rc6 Re3 38.Qxg4 Bxe4+ 39.Nxe4 Qxg4 40.Nf6+ Kf7 41.Nxg4 Rc3 42.c5 Rc2+
43.Kf3 Rc3+ 44.Ke2 Rc4 45.Ne3 Rd4 46.cxd6 Bh6 47.d7 Bg5 48.Rc8  1-0

[Event "Regionalliga SW9798"]
[Site "Bayern"]
[Date "1997.??.??"]
[Round "?"]
[White "Stuhler, Josef"]
[Black "Killinger, Wilhelm"]
[Result "0-1"]
[WhiteElo "1775"]
[BlackElo "2030"]

1.d4 Nf6 2.c4 g6 3.Nc3 Bg7 4.e4 d6 5.Nf3 O-O 6.Be2 e5 7.dxe5 dxe5 8.Qxd8 Rxd8
9.Bg5 Re8 10.O-O-O Bg4 11.h3 Bxf3 12.Bxf3 c6 13.Rd3 Nbd7 14.Rhd1 Nc5 15.Rd6 Ne6
16.Be3 Bf8 17.R6d2 Bc5 18.Bxc5 Nxc5 19.g3 a5 20.Rd6 Kg7 21.Kd2 Rad8 22.Ke3 Rxd6
23.Rxd6 Nfd7 24.Bg4 Nb6 25.Be2 Nc8 26.Rd2 Kf8 27.h4 Ke7 28.b3 Nd6 29.f4 f6
30.fxe5 fxe5 31.Rd1 Rf8 32.Rf1 Rxf1 33.Bxf1 h6 34.Be2 Kf6 35.Bf1 g5 36.hxg5+ Kxg5
37.Be2 h5 38.Kf3 h4 39.gxh4+ Kxh4 40.Bf1 Nf7 41.Ke3 Ng5 42.Be2 Nge6 43.Bd1 Nd4
44.Ne2 Nxe2 45.Bxe2 Kg3 46.Bh5 Ne6 47.Be8 c5 48.Bh5 Nd4 49.Bd1 Kg2 50.Kd3 Kf2
51.Bh5 Ne6 52.Kd2 Ng5 53.Bg6 Kf3 54.Kd3 Nh3 55.Bh5+ Kf4 56.Kc3 Nf2 57.Bg6 Nxe4+
58.Kd3 Nd6 59.Ke2 e4 60.Bh5 Nf5 61.Bf7 Nd4+  0-1

[Event "Oberliga Bayern9798"]
[Site "Bayern"]
[Date "1997.??.??"]
[Round "?"]
[White "Gruenberg, Hans Ulrich"]
[Black "Reis, Gerhard"]
[Result "1-0"]
[WhiteElo "2425"]
[BlackElo "2200"]

1.d4 Nf6 2.c4 g6 3.Nc3 Bg7 4.e4 d6 5.Nf3 O-O 6.Be2 e5 7.Be3 exd4 8.Nxd4 Re8
9.f3 Nc6 10.O-O Nh5 11.Qd2 Nf4 12.Kh1 Nxd4 13.Bxd4 Qg5 14.Rf2 Bxd4 15.Qxd4 Ne6
16.Qd1 Qc5 17.Rf1 c6 18.Qd2 Rd8 19.Rad1 a5 20.f4 f5 21.exf5 gxf5 22.Rf3 Ng7
23.Rd3 Ne8 24.Rg3+ Ng7 25.Na4 Qb4 26.Qd4 Rd7 27.Nb6  1-0

[Event "Regionalliga SW9798"]
[Site "Bayern"]
[Date "1997.??.??"]
[Round "?"]
[White "Seibold, Thomas"]
[Black "Klenk, Robert"]
[Result "1-0"]
[WhiteElo "2050"]
[BlackElo "1945"]

1.d4 Nf6 2.c4 g6 3.Nc3 Bg7 4.e4 d6 5.Be2 O-O 6.Nf3 Nbd7 7.O-O e5 8.d5 Nc5
9.Qc2 a5 10.Be3 Nfd7 11.Ne1 f5 12.f3 b6 13.Nd3 Nf6 14.Nxc5 bxc5 15.a3 fxe4
16.fxe4 Bg4 17.Rxf6 Qxf6 18.Bxg4 Qh4 19.Be6+ Kh8 20.Qd2 Rab8 21.Rb1 h6 22.Qe2 Kh7
23.Bg4 h5 24.Bf3 Bh6 25.Bxh6 Kxh6 26.Nb5 Rf7 27.Qe1 Qg5 28.Qc1 Rbf8 29.Qxg5+ Kxg5
30.Kf2 Kh4 31.Ke3 Rh7 32.h3 g5 33.Rh1 Rhf7 34.b3 Kg3 35.Nc3 Rxf3+ 36.gxf3 Rxf3+
37.Kd2 Rf8 38.Ne2+ Kg2 39.Rg1+ Kxh3 40.Rxg5 h4 41.Ke3 Rb8 42.Ng1+ Kh2 43.Nf3+ Kh3
44.Nd2 Ra8 45.Rg7 a4 46.bxa4 Rxa4 47.Rxc7 Rxa3+ 48.Ke2 Rg3 49.Rd7 Rg2+ 50.Kd1 Rg6
51.Re7 Kg2 52.Re6 Rg3 53.Rxd6 h3 54.Rh6 Rg8 55.Ke2 h2 56.Nf3 h1=Q 57.Rxh1 Kxh1
58.Nxe5 Re8 59.Nd7 Rxe4+ 60.Kd3 Re8 61.Nxc5 Kg2 62.Ne6 Kf3 63.Kd4 Kg4 64.Ke5  1-0

[Event "Oberliga Bayern9798"]
[Site "Bayern"]
[Date "1997.??.??"]
[Round "?"]
[White "Bromberger, Stefan"]
[Black "Hackenberg, Andreas"]
[Result "1/2-1/2"]
[WhiteElo "2240"]
[BlackElo "2170"]

1.d4 Nf6 2.c4 g6 3.Nc3 Bg7 4.e4 d6 5.Nf3 O-O 6.Be2 e5 7.O-O Nbd7 8.Re1 c6
9.Bf1 Re8 10.d5 c5 11.a3 a6 12.b4 b6 13.Rb1 Nf8 14.bxc5 bxc5 15.Bd2 Bd7 16.Na4 Rb8
17.Rxb8 Qxb8 18.Ba5 Qb7 19.Nb6 Rb8 20.Nxd7 N8xd7 21.Bd3 Bf8 22.Bc2 Qb2 23.Qd3 Qb7
24.Nd2 Be7 25.Bc3 Bd8 26.a4 Qc8 27.Nb3 Nh5 28.g3 Ndf6 29.f3 h6 30.Kg2 Nh7
31.Kg1 Ng5 32.Ra1 Qh3 33.Be1 Nf4 34.Qf1 Qxf1+ 35.Kxf1 Nd3 36.Bc3 Nb4 37.Bd1 h5
38.a5 h4 39.Ra4 Nd3 40.Ke2 Rxb3 41.Kxd3 Rb1 42.Kc2 Rb7 43.Ra1 f5 44.gxh4 Nh3
45.h5 gxh5 46.exf5 Bg5 47.Be2 Kf7 48.Bd3 Kf6 49.Be1 Nf4 50.Be4 Ne2 51.Bf2 Rb4
52.h4 Bh6 53.Re1 Nf4 54.Kc3 Ra4 55.Be3 Rxa5 56.Bxf4 exf4 57.Bc2 Bg7 58.Re6+ Kf7+
59.Kb3 Bf8 60.Kb2 Bg7+ 61.Kb3 Bf8 62.Kb2 Bg7+ 63.Kb3  1/2-1/2

[Event "Regionalliga NO9798"]
[Site "Bayern"]
[Date "1997.??.??"]
[Round "?"]
[White "Rupprecht, Andreas"]
[Black "Schamberger, Alfons"]
[Result "1/2-1/2"]
[WhiteElo "2230"]
[BlackElo "2035"]

1.Nf3 Nf6 2.c4 g6 3.Nc3 Bg7 4.e4 d6 5.d4 O-O 6.Be2 c6 7.O-O e5 8.Re1 Qc7
9.Rb1 Bg4 10.d5 c5 11.Be3 b6 12.a3 a5 13.b4 axb4 14.axb4 Na6 15.bxc5 bxc5
16.Nb5 Qe7 17.h3 Bd7 18.Nd2 Nb4 19.Qb3 Ra5 20.Ra1 Rfa8 21.Rxa5 Rxa5 22.Qc3 Qf8
23.Rb1 Ra2 24.Rb2 Ra6 25.Bg5 Ne8 26.Rb1 Bh6 27.Qe3 Bxg5 28.Qxg5 f6 29.Qe3 Qe7
30.g4 g5 31.Nf1 Qd8 32.Ng3 Qa8 33.Qf3 Ra1 34.Rxa1 Qxa1+ 35.Kg2 Nc2 36.Qc3 Qxc3
37.Nxc3 Nd4 38.Bd3 Nc7 39.Nh5 Kf7 40.Kg3 Ne8 41.Ne2 Nxe2+ 42.Bxe2 Nc7 43.Bd1 Na6
44.Kf3 Nb4 45.Ke3 Ke7 46.Kd2 Be8 47.Ng3 Bg6 48.Ba4 Kd8 49.Kc3 Na6 50.Bb5 Nc7
51.Bc6  1/2-1/2

[Event "Landesliga Sued9798"]
[Site "Bayern"]
[Date "1997.??.??"]
[Round "?"]
[White "Lechtynsky, Jiri"]
[Black "Hock, Martin"]
[Result "1-0"]
[WhiteElo "2415"]
[BlackElo "2135"]

1.Nf3 Nf6 2.c4 g6 3.Nc3 Bg7 4.d4 O-O 5.e4 d6 6.Be2 e5 7.O-O c6 8.Bg5 Nbd7
9.Qd2 Re8 10.d5 c5 11.Ne1 a6 12.f3 Qa5 13.a4 Kh8 14.Nd3 Ng8 15.Rfb1 h6 16.Be3 f5
17.b4 cxb4 18.Rxb4 f4 19.Bf2 Ngf6 20.Qb2 Qc7 21.a5 g5 22.Kf1 g4 23.fxg4 Nc5
24.Nxc5 dxc5 25.Rb6 Bxg4 26.Rxb7 Bxe2+ 27.Kxe2 Qc8 28.Kd3 Qg4 29.Rg1 Nh5
30.Qe2 f3 31.Qxf3 Nf4+ 32.Kc2 Qg5 33.Be3 Qd8 34.Qg4 Rg8 35.Ra1 Rb8 36.Rxb8 Qxb8
37.Rb1 Qc7 38.g3 Bf8 39.Qf5 Ng2 40.Bd2 Qxa5 41.Rb7 Bg7 42.Bxh6 Ne1+ 43.Kb3  1-0

[Event "Regionalliga NW9798"]
[Site "Bayern"]
[Date "1997.??.??"]
[Round "?"]
[White "Seeger, Werner"]
[Black "Stickler, Roberto"]
[Result "0-1"]
[WhiteElo "2110"]
[BlackElo "1995"]

1.d4 Nf6 2.Nf3 d6 3.c4 g6 4.Nc3 Bg7 5.e4 O-O 6.Be2 Nbd7 7.O-O e5 8.Re1 c6
9.Bf1 Qc7 10.h3 Rd8 11.d5 Nf8 12.Bd2 h6 13.Nh2 g5 14.Ng4 Qe7 15.Ne3 Qc7 16.Be2 Ng6
17.Nf5 Bxf5 18.exf5 Ne7 19.dxc6 bxc6 20.g4 d5 21.cxd5 cxd5 22.Bf3 e4 23.Bg2 Nc6
24.Rc1 Qb7 25.Na4 Ne5 26.b3 Nd3 27.Nc5 Nxc5 28.Rxc5 Nd7 29.Rc2 Ne5 30.Bc3 Nd3
31.Re3 Bxc3 32.Rxc3 Rac8 33.Rcxd3 exd3 34.Rxd3 Rc5 35.Bf3 Qc7 36.Kg2 d4 37.Rxd4 Rxd4
38.Qxd4 Qe5 39.Qd8+ Kg7 40.Qd7 Qc7 41.Qd4+ Qe5 42.Qd7 a5 43.Qd2 Qc7 44.b4 axb4
45.Qxb4 Qe5 46.Qb7 Qd4 47.Qe4 Qxe4 48.Bxe4 Ra5 49.Bb1 Kf6 50.Kg3 Ra3+ 51.f3 Ke5
52.Bc2 Rxa2 53.Bb3 Ra7 54.h4 f6 55.hxg5 hxg5 56.Bc4 Ra1 57.Bb5 Rg1+ 58.Kf2 Rb1
59.Bc6 Kf4 60.Ke2 Rb3 61.Kf2 Rb2+ 62.Kg1 Kg3  0-1

[Event "Landesliga Nord9798"]
[Site "Bayern"]
[Date "1997.??.??"]
[Round "?"]
[White "Neuman, Petr"]
[Black "Engelmann, Wolfgang"]
[Result "1/2-1/2"]
[WhiteElo "2385"]
[BlackElo "2165"]

1.d4 Nf6 2.c4 g6 3.Nc3 Bg7 4.e4 d6 5.Nf3 O-O 6.Be2 e5 7.Be3 Nc6 8.d5 Ne7
9.Nd2 Nd7 10.f3 f5 11.O-O f4 12.Bf2 a5 13.a3 g5 14.b4 b6 15.bxa5 Rxa5 16.Nb3 Ra8
17.a4 Nf6 18.a5 bxa5 19.Rxa5 Rxa5 20.Nxa5 Rf7 21.c5 Bf8 22.Qa4 g4 23.Rb1 g3
24.hxg3 dxc5 25.Nb7 Bxb7 26.Rxb7 Ng6 27.Qa7 Kg7 28.Rb8 Qd7 29.Bxc5 Kh6 30.Nb5 Ne8
31.Bc4 Bxc5+ 32.Qxc5 Qe7 33.d6 cxd6 34.Qc6 Rf8 35.Nxd6 Qa7+ 36.Rb6 Qa1+ 37.Kf2 Qd4+
38.Kf1 Qxd6  1/2-1/2

[Event "Regionalliga NW9697"]
[Site "Bayern"]
[Date "1997.??.??"]
[Round "?"]
[White "Lang, Stefan"]
[Black "Kassubek, Wolfgang"]
[Result "1/2-1/2"]
[WhiteElo "2015"]
[BlackElo "1990"]

1.d4 Nf6 2.Nf3 g6 3.c4 Bg7 4.Nc3 d6 5.e4 O-O 6.Be2 Nbd7 7.O-O e5 8.d5 h6
9.Nd2 Ne8 10.b4 f5 11.Nb3 Ndf6 12.f3 f4 13.a4 g5 14.g4 fxg3 15.hxg3 Qd7 16.g4 Nh7
17.Rf2 Nef6 18.Rh2 Rf7 19.c5 Nf8 20.Na5 Qd8 21.Nc4 Ng6 22.cxd6 cxd6 23.Nb5 Ne8
24.Be3 b6 25.Nc3 Nh4 26.a5 Rb8 27.axb6 axb6 28.Rf2 Ng6 29.b5 Nf4 30.Bf1 h5
31.gxh5 g4 32.fxg4 Qh4 33.Rh2 Qg3+ 34.Bg2 Bxg4 35.Qe1 Qxe1+ 36.Rxe1 Rc7 37.Bf1 Bh6
38.Na4 Bf3 39.Bxb6 Rg7+ 40.Kf2 Bxh5 41.Ra1 Nf6 42.Rxh5 N4xh5 43.Nxd6 Ng4+
44.Ke1 Be3 45.Bxe3 Nxe3 46.Kd2 Nxf1+ 47.Rxf1 Rg6 48.Nc4 Rxb5 49.Nxe5 Ra6
50.Nc3 Rb7 51.Nc6 Rf7 52.Rb1 Nf6 53.Kd3 Rc7 54.Nd4 Rxc3+ 55.Kxc3 Nxe4+ 56.Kd3 Nf6
57.Kc4 Rd6 58.Nf5 Rd7 59.d6 Kf7 60.Rd1 Ne8 61.Kd5 Nxd6 62.Nxd6+ Kf6 63.Rf1+ Kg5
64.Ke6 Ra7 65.Ne4+ Kg4 66.Ke5 Ra5+ 67.Kd4 Ra4+ 68.Kd3 Ra3+ 69.Nc3 Kg3 70.Rf7 Kg4
71.Kd4 Rb3 72.Nd5 Ra3 73.Ne3+ Kg5  1/2-1/2

[Event "Landesliga Sued9798"]
[Site "Bayern"]
[Date "1997.??.??"]
[Round "?"]
[White "Reilein, Christian"]
[Black "Nurbekoglu, Michael"]
[Result "1-0"]
[WhiteElo "2265"]
[BlackElo "2105"]

1.d4 Nf6 2.Nf3 g6 3.c4 Bg7 4.Nc3 O-O 5.e4 d6 6.Be2 e5 7.dxe5 dxe5 8.Qxd8 Rxd8
9.Bg5 Rf8 10.Nd5 Nxd5 11.cxd5 f6 12.Be3 Kh8 13.h4 h5 14.Nd2 c6 15.f3 Rd8
16.Rc1 Bd7 17.g4 Be8 18.gxh5 gxh5 19.Rg1 Bf8 20.Kf2 Bf7 21.f4 cxd5 22.fxe5 d4
23.Bf4 d3 24.Bxd3 Nc6 25.Be2 fxe5 26.Bg5 Rd7 27.Bf6+ Kh7 28.Nf3 Bh6 29.Ng5+ Bxg5
30.Rxg5 Rg8 31.Rcg1 Rxg5 32.Rxg5 Bg6 33.Ke3 Nb4 34.Rxe5 Nc2+ 35.Kf4 Rf7 36.Re7 Nd4
37.Rxf7+ Bxf7 38.Bxd4  1-0